Moyen-Orient : Liban, Syrie, Jordanie, Irak, Iran /
Other Authors:
Format: Book
Language: French
Published:
Paris :
Hachette,
1956.
Series:
Les Guides bleus.
Subjects:
Tags: Add Tag
Call Number: DS43 .M68 1956
| LEADER | 00757namaa2200241 4500 | ||
|---|---|---|---|
| 001 | 20733 | ||
| 003 | OSt | ||
| 005 | 20260309092734.0 | ||
| 008 | 130303s1956 fr be b 001 0 fre d | ||
| 010 | |a 56046204 | ||
| 040 | |c ARCE Library | ||
| 043 | |a aw----- | ||
| 050 | 4 | |a DS43 .M68 1956 | |
| 245 | 0 | 0 | |a Moyen-Orient : |b Liban, Syrie, Jordanie, Irak, Iran / |c [Éd. établie par Robert Boulanger]. |
| 264 | 1 | |a Paris : |b Hachette, |c 1956. | |
| 300 | |a lxxv, 935 pages : |b maps (part folded color), plans ; |c 17 cm. | ||
| 490 | 0 | |a Les Guides bleus. | |
| 504 | |a Includes bibliographical references. | ||
| 651 | 0 | |a Middle East |x Description and travel |v Guidebooks. | |
| 700 | 1 | |a Boulanger, Robert, |d 1926- | |
| 901 | |a reviewed | ||
| 942 | |c BK |2 lcc | ||
| 999 | |c 17186 |d 17186 | ||
